Obchodný konflikt USA a Číny a jeho implikácie pre svetové hospodárstvo bakalárska práca

Salvato in:
Dettagli Bibliografici
Autore principale: De Pasquale Abrego, Mária Isabel
Ente Autore: Fakulta medzinárodných vzťahov EU. Katedra medzinárodných ekonomických vzťahov a hospodárskej diplomacie
Altri autori: Dudáš, Tomáš, 1976-
Natura: Libro
Lingua:slovacco
Pubblicazione: Bratislava 2021
Tags: Aggiungi Tag
Nessun Tag, puoi essere il primo ad aggiungerne!!

MARC

LEADER 00000nbm a2200000 4500
001 0275368
005 20220222101623.8
041 0 |a slo 
044 |a SK 
245 1 0 |a Obchodný konflikt USA a Číny a jeho implikácie pre svetové hospodárstvo  |b bakalárska práca  |c Mária Isabel De Pasquale Abrego ; školiteľ: Tomáš Dudáš 
264 1 |a Bratislava  |c 2021 
300 |a 68 s. 
100 1 |a De Pasquale Abrego, Mária Isabel 
700 1 |a Dudáš, Tomáš, 1976- 
710 2 |a Fakulta medzinárodných vzťahov EU. Katedra medzinárodných ekonomických vzťahov a hospodárskej diplomacie